| 000 -LEADER |
| fixed length control field |
01123nam a22001577a 4500 |
| 008 - FIXED-LENGTH DATA ELEMENTS--GENERAL INFORMATION |
| fixed length control field |
210902b ||||| |||| 00| 0 eng d |
| 100 ## - MAIN ENTRY--PERSONAL NAME |
| Personal name |
Farhat, Saima |
| 245 ## - TITLE STATEMENT |
| Title |
Exports statistics between India – United Arab emirates during Corona plight |
| 260 ## - PUBLICATION, DISTRIBUTION, ETC. (IMPRINT) |
| Place of publication, distribution, etc |
Focus WTO: The Quarterly Publication of Indian Institute of Foreign Trade |
| 300 ## - PHYSICAL DESCRIPTION |
| Extent |
23(1), Jan-Mar, 2021: p.19-20 |
| 520 ## - SUMMARY, ETC. |
| Summary, etc |
Foreign trade is an integral element of economic growth irrespective of economic condition of the trading countries. India is an important market for UAE’s exports and similarity UAE is one of the major destination for Indian agricultural and non agricultural goods. At Present UE is India’s third largest trading parther. As UAE is an important market for India from the last few decades but sudden attack of Corona Virus has slow down the economy at global level. – Reproduced |
| 650 ## - SUBJECT ADDED ENTRY--TOPICAL TERM |
| Topical term or geographic name as entry element |
Export intensity, Corona virus, India-UAE trade |
| 9 (RLIN) |
27223 |
| 773 ## - HOST ITEM ENTRY |
| Main entry heading |
Focus WTO: The Quarterly Publication of Indian Institute of Foreign Trade |
| 906 ## - LOCAL DATA ELEMENT F, LDF (RLIN) |
| Subject DIP |
INDIA - FOREIGN TRADE - UNITED EMIRATES |
| 942 ## - ADDED ENTRY ELEMENTS (KOHA) |
| Item type |
Articles |